Monge Ampere equation : applications to geometry and optimization : NSF-CBMS Conference on the Monge Ampere Equation, Applications to Geometry and Optimization, July 9-13, 1997, Florida Atlantic University
Αποθηκεύτηκε σε:
| Συγγραφή απο Οργανισμό/Αρχή: | |
|---|---|
| Άλλοι συγγραφείς: | , |
| Μορφή: | Βιβλίο |
| Γλώσσα: | English |
| Δημοσίευση: |
Providence, R.I. :
American Mathematical Society,
c1999
|
| Σειρά: | Contemporary mathematics (American Mathematical Society) ;
; 226 |
| Θέματα: | |
| Ετικέτες: |
Προσθήκη ετικέτας
Δεν υπάρχουν, Καταχωρήστε ετικέτα πρώτοι!
|
MARC
| LEADER | 00000nam a2200000 i 4500 | ||
|---|---|---|---|
| 001 | 1/91697 | ||
| 008 | 991102s1999 eng d | ||
| 020 | |a 0-8218-0917-2 | ||
| 035 | |l 10053719 | ||
| 040 | |a GR-MY-UA |b gre |e aacr | ||
| 041 | 0 | |a eng | |
| 082 | 0 | |a 515.353 | |
| 110 | 2 | |a NSF-CBMS Conference on the Monge Ampere Equation: Applications to Geometry and Optimization. | |
| 245 | 1 | 0 | |a Monge Ampere equation : |b applications to geometry and optimization : NSF-CBMS Conference on the Monge Ampere Equation, Applications to Geometry and Optimization, July 9-13, 1997, Florida Atlantic University / |c Luis A. Caffarelli, Mario Milman. editors |
| 260 | |a Providence, R.I. : |b American Mathematical Society, |c c1999 | ||
| 300 | |a ix, 172 p.; |b ill.; |c 26 cm. | ||
| 490 | 1 | |a Contemporary mathematics |v ; 226 | |
| 500 | |a Includes bibliographical references | ||
| 650 | 0 | 0 | |a Monge-Ampere equations |x Congresses. |
| 650 | 0 | 0 | |a Geometry |x Congresses. |
| 650 | 0 | 0 | |a Mathematical optimization |x Congresses. |
| 700 | 1 | |a Caffarelli, Luis A. |4 edt | |
| 700 | 1 | |a Milman, Mario. |4 edt | |
| 830 | 0 | |a Contemporary mathematics (American Mathematical Society) ; |v ; 226 | |
| 852 | |a INST |b SAMOS |e 19991102 |h 515.353 NSF |p 005300012375 |q 005300012375 |t BK |y 0 | ||
| 901 | |a BIBL3-1999-3 | ||
| 909 | |a Σ |b 063369 | ||
| 922 | |a 3ΕΛΗ |b 199907 |c ΕΠΕΑΕΚ/ΜΑΘ |d ΠΑΠΑΣΩΤΗΡΙΟΥ | ||
| 970 | |a ΠΟΥΡΝΑΡΑΣ |b ΔΗΜΗΤΡΗΣ |z 1999/11/02 | ||